|
|
|
|
| LEADER |
00000nab a2200000 a 4500 |
| 001 |
vtls000601903 |
| 003 |
SK-MaSNL |
| 005 |
20260304173954.0 |
| 008 |
140429c1996 xo 0 slo |
| 015 |
|
|
|a SNBRB19rr/mm-uuuuu
|
| 035 |
|
|
|a CL0602042
|
| 040 |
|
|
|a SNKBUCL
|b slo
|c SNKBUCL
|e AACR2
|
| 041 |
0 |
|
|a slo
|
| 044 |
|
|
|a xo
|c SK
|
| 080 |
|
|
|a 663.97(437.6):659.1(437.6):340.13(437.6)
|2 1981
|
| 080 |
|
|
|a 659.1(437.6)
|2 1981
|
| 080 |
|
|
|a 340.13(437.6)
|2 1981
|
| 080 |
|
|
|a 633.71(437.6)
|2 1981
|
| 080 |
|
|
|a 663.97:061.5(437.6)
|2 1981
|
| 100 |
1 |
|
|a Maťovčík, Viktor,
|d 1949-
|4 aut
|9 18522
|
| 245 |
1 |
0 |
|a Reklama a sponzoring
|c Viktor Maťovčík, Miroslav Janek
|
| 300 |
|
|
|b Obr. 2
|
| 650 |
0 |
7 |
|a tabak
|2 snkbucl
|9 4249
|
| 650 |
0 |
7 |
|a tabakové výrobky
|2 snkbucl
|9 4250
|
| 650 |
0 |
7 |
|a reklama a propagácia
|2 snkbucl
|9 66573
|
| 650 |
0 |
7 |
|a sponzorstvo
|2 snkbucl
|9 2904
|
| 650 |
0 |
7 |
|a Slovak International Tabak, a.s.
|2 snkbucl
|9 1504817
|
| 655 |
|
7 |
|a články z novín a časopisov
|2 snkbucl
|9 267496
|
| 700 |
1 |
|
|a Janek, Miroslav
|4 aut
|9 361291
|
| 773 |
0 |
|
|t Parlamentný kuriér
|g Roč. 4, č. 30 (1996), s. 66-68
|x 1335-0307
|
| 850 |
|
|
|a Slovenská národná knižnica v Martine
|a MTA001
|
| 852 |
|
|
|a SNK
|b KIS3GCP
|
| 958 |
|
|
|a SK
|
| 958 |
|
|
|a RK
|
| 992 |
|
|
|a RBX
|
| 999 |
|
|
|c 3006548
|d 3008478
|